Āndr̲ē Jīdȧ. (Record no. 58984)

MARC details
000 -LEADER
fixed length control field 00566cam a22002291 4500
001 - CONTROL NUMBER
control field sa 64005173
003 - CONTROL NUMBER IDENTIFIER
control field DLC
005 - DATE AND TIME OF LATEST TRANSACTION
control field 20260227112030.0
008 - FIXED-LENGTH DATA ELEMENTS--GENERAL INFORMATION
fixed length control field 900116s1963 ii b 000 0 malo
010 ## - LIBRARY OF CONGRESS CONTROL NUMBER
LC control number sa 64005173
035 ## - SYSTEM CONTROL NUMBER
System control number (OCoLC)20908492
040 ## - CATALOGING SOURCE
Original cataloging agency DLC
Transcribing agency WaU
Modifying agency DLC
042 ## - AUTHENTICATION CODE
Authentication code premarc
050 00 - LIBRARY OF CONGRESS CALL NUMBER
Classification number PQ2613.I2
Item number Z587
100 1# - MAIN ENTRY--PERSONAL NAME
Personal name Ayyaneth, O.
245 00 - TITLE STATEMENT
Title Āndr̲ē Jīdȧ.
260 ## - PUBLICATION, DISTRIBUTION, ETC.
Date of publication, distribution, etc. [1963]
300 ## - PHYSICAL DESCRIPTION
Extent iv, xiv, 271 p.
Dimensions 18 cm.
500 ## - GENERAL NOTE
General note In Malayalam.
504 ## - BIBLIOGRAPHY, ETC. NOTE
Bibliography, etc. note Bibliographical footnotes.
600 10 - SUBJECT ADDED ENTRY--PERSONAL NAME
Personal name Gide, André,
Dates associated with a name 1869-1951.

No items available.

Powered by Koha